000 01055nam a2200301 a 4500
001 ebr10416625
003 CaPaEBR
006 m u
007 cr cn|||||||||
008 101220s2009 ii s 001 0 eng d
020 _z9788190750554
040 _aCaPaEBR
_cCaPaEBR
035 _a(OCoLC)664734825
050 1 4 _aHG8054.5
_b.N37 2009eb
100 1 _aNasreen, Reshma.
245 1 0 _aInsurance and risk management
_h[electronic resource] /
_cReshma Nasreen.
250 _a1st ed.
260 _aLucknow :
_bWord-Press,
_c2009.
300 _a159 p.
500 _aIncludes index.
533 _aElectronic reproduction.
_bPalo Alto, Calif. :
_cebrary,
_d2011.
_nAvailable via World Wide Web.
_nAccess may be limited to ebrary affiliated libraries.
650 0 _aRisk (Insurance)
650 0 _aInsurance.
650 0 _aRisk management.
655 7 _aElectronic books.
_2local
710 2 _aebrary, Inc.
856 4 0 _uhttp://site.ebrary.com/lib/rucke/Doc?id=10416625
_zAn electronic book accessible through the World Wide Web; click to view
999 _c84320
_d84320